00641nam a2200181Ia 4500008004100000020001500041041001200056082001600068100001500084245009500099260003500194300000800229650001200237700001700249942000700266999001500273952017100288221030s9999 xx 000 0 und d a8121908744 aEnglish a105.23bPin aM. A. Pink 0aEnglish Grammar Compostion & effective Business Communicationcby M. A. Pink, S. E. Thomas bS.Chand & Co.aNew Delhic2001 a408 aEnglish aS. E. Thomas cBK c5935d5935 pBE 5056g100.00l0o105.23 Pinr2024-06-13 00:00:00w2022-10-30yBK003Print4070aMIETLIBbMIETLIBcBL-Academic Block A, FL-2, CUP-21, SH-4, R-4d2002-05-2210HBE